|
|
|
|
| LEADER |
00741nam a2200217 i 4500 |
| 001 |
acta38248 |
| 005 |
20230310145345.0 |
| 008 |
161201s1992 hu o 0|| hun d |
| 040 |
|
|
|a SZTE Egyetemi Kiadványok Repozitórium
|b hun
|
| 041 |
|
|
|a hun
|
| 245 |
0 |
0 |
|a Korai angolszász törvények
|h [elektronikus dokumentum]
|
| 260 |
|
|
|a JATE Történész Diákkör
|b Szeged
|c 1992
|
| 300 |
|
|
|a 16
|c 20 cm
|
| 490 |
0 |
|
|a Documenta Historica
|
| 650 |
|
4 |
|a Társadalomtudományok
|
| 650 |
|
4 |
|a Jogtudomány
|
| 650 |
|
4 |
|a Bölcsészettudományok
|
| 650 |
|
4 |
|a Történettudomány és régészet
|
| 695 |
|
|
|a Jogtörténet - angol - 7. sz. - forrás
|
| 700 |
0 |
1 |
|a Szántó Richárd
|
| 856 |
4 |
0 |
|u http://acta.bibl.u-szeged.hu/38248/1/doc_006.pdf
|z Dokumentum-elérés
|